駅利用者数ランキングTOP20(岐阜県) - Statistics

General Stats
  • This quiz has been taken 296 times
  • The average score is 14 of 20
Answer Stats
駅名 利用者数 % Correct
1 岐阜 56753
100%
2 大垣 33330
99%
3 名鉄岐阜 30058
90%
4 多治見 26528
86%
6 西岐阜 11427
83%
14 中津川 5130
81%
12 美濃太田 6532
77%
18 岐阜羽島 3370
77%
8 新鵜沼 8560
75%
5 穂積 17111
74%
11 恵那 6992
69%
9 笠松 7962
68%
7 瑞浪 9354
67%
10 土岐市 7764
65%
20 可児 3216
65%
13 新可児 5295
60%
15 垂井 4766
54%
16 三柿野 4619
31%
19 西可児 3262
20%
17 柳津 3372
13%
No matching quizzes found
Score Distribution
Percent of People with Each Score
Percentile by Number Answered
Your Score History
You have not taken this quiz